Statistics for Brazil in Numbers

Click here to take the quiz!

General Stats

  • This quiz has been taken 6 times
  • The average score is 12 of 20

Answer Stats

HintNumber% Correct
Hosted the Olympic Games in the year of2016
100%
Has terrestrial boundaries with10countries
80%
Year that Portuguese arrived in Brazilian territory1500
80%
Population (in millions)203,062,512
80%
Divided into how many states26+ 1 Federal District
80%
Times zones across the country and its islands4
80%
Won the World Cup tournament5times
80%
How many billionairs (Forbe's The Real-Time Billionaires List)58
80%
Life expectancy76years
80%
Year when did Brasilia become the capital of Brazil1960
60%
GDP (nominal in trillions)2.081
60%
UNESCO World Heritage Sites23
60%
Gold medals in the Olympic Games (overall)37
60%
Dialing code55
60%
Population density (in Km²)25
40%
Coastline (in Km)7,491
40%
Covid deaths reported to WHO704,659
40%
National parks scattered throughout its territory72
40%
Cities with a population over 100,000 inhabitants319
20%
The average elevation is320m above sea level
20%

Score Distribution

Percentile by Number Answered

Percent of People with Each Score

Your Score History

You have not taken this quiz